| 000 | 00944nas a2200289 4500 | ||
|---|---|---|---|
| 001 | BR0803606 | ||
| 003 | BR-BrBNA | ||
| 005 | 20231205112313.0 | ||
| 007 | ta | ||
| 008 | 230509b bl.|||p| |||| 00| 00por d | ||
| 040 |
_aBR-BrBNA _bpor _cBiblioteca Nacional de Agricultura |
||
| 041 | _a(Pt) | ||
| 072 | _aF61; F02 | ||
| 100 | 1 | _aRozane, D.E. | |
| 100 | 1 | _aPrado, R. de M. | |
| 100 | 1 | _aFranco, C.F. | |
| 100 | 1 | _aNatale, W. | |
| 245 | 1 | _aEficiência de absorção, transporte e utilização de macronutrientes por porta-enxertos de caramboleira, cultivados em soluções nutritivas | |
| 650 | _aCARAMBOLA | ||
| 650 | _aABSORÇÃO DE NUTRIENTES | ||
| 650 | _aNUTRIENTE MINERAL | ||
| 650 | _aPORTA ENXERTO | ||
| 650 | _aSUBSTRATO DE CULTURA | ||
| 773 | 0 |
_tCiência e Agrotecnologia (Brazil) _xISSN 1413-7054 _g(Jul-Aug 2007), v. 31(4) p. 1020-1026 _wBR0803606 |
|
| 909 |
_a202311 _bLúcia _c55 _dLúcia Elande |
||
| 942 |
_2AGRIS _n0 _cANA |
||
| 999 |
_c197303 _d197303 |
||